Developeri sú v špekuláciách opatrní
Výhodou špekulatívne postavených priemyselných hál je, že sú záujemcom k dispozícii prakticky okamžite. Je možné ich fl exibilne prispôsobiť a nezriedka sú aj cenovo výhodnejšie ako nová výstavba na mieru. Atraktívnosť jednotlivých lokalít z pohľadu špekulatívnej výstavby však menia rôzne faktory.
Saved in:
| Main Author: | |
|---|---|
| Format: | Book Chapter |
| Language: | Slovak |
| Subjects: | |
| Tags: |
No Tags, Be the first to tag this record!
|
MARC
| LEADER | 00000naa a2200000 4500 | ||
|---|---|---|---|
| 001 | 0313885 | ||
| 005 | 20260109104747.7 | ||
| 041 | 0 | |a slo | |
| 044 | |a SK | ||
| 245 | 1 | 0 | |a Developeri sú v špekuláciách opatrní |c Vladimír Maťo |
| 520 | |a Výhodou špekulatívne postavených priemyselných hál je, že sú záujemcom k dispozícii prakticky okamžite. Je možné ich fl exibilne prispôsobiť a nezriedka sú aj cenovo výhodnejšie ako nová výstavba na mieru. Atraktívnosť jednotlivých lokalít z pohľadu špekulatívnej výstavby však menia rôzne faktory. | ||
| 610 | 2 | 0 | |a stavebníctvo |
| 610 | 2 | 0 | |a špekulácie |
| 610 | 2 | 0 | |a realizácia výstavby |
| 610 | 2 | 0 | |a trhy |
| 610 | 2 | 0 | |a zisk |
| 100 | 1 | |a Maťo, Vladimír | |